| 000 | 00510nam a2200205Ia 4500 | ||
|---|---|---|---|
| 005 | 20240823050741.0 | ||
| 008 | 240823s9999||||xx |||||||||||||| ||und|| | ||
| 020 | _a978-81-7319-710-9 | ||
| 041 | _aENGLISH | ||
| 082 | _A547.139 Q2 | ||
| 100 | _aAhliwalia V | ||
| 245 | 0 | _aOrganic Reaction Mechanisms | |
| 250 | _a4th | ||
| 260 |
_c2012 _bNarosa Publishing House New |
||
| 500 | _aTRANSFERED | ||
| 650 |
_aMechanisms _bChemistry |
||
| 700 | _a Rakesh Kumar parashar | ||
| 942 | _cBK | ||
| 999 |
_c217971 _d217971 |
||